000
00288nam a2200109Ia 4500
008
230907s9999||||xx |||||||||||||| ||und||
082
_a
621.69
_b
VOL
100
_a
Volk, Michael W.,
_9
115507
245
0
_a
Pump characteristics and applications /
300
_a
xxv, 490 pages :
942
_c
BK
999
_c
598602
_d
598602